000 00321nam a22001337a 4500
008 170731b xxu||||| |||| 00| 0 eng d
020 _a9780471548232
041 _aeng
080 _a004
100 _a32
101 _aSHK
245 _aTHE CLEANROOM APPROACH TO QUALITY SOFTWARE DEVELOPMENT
_cDYER,M
942 _2udc
_cBK
999 _c22165
_d22165